Rebobinado de motores pequeños (Record no. 36876)

MARC details
000 -LEADER
campo de control de longitud fija 00642nam a2200169 i 4500
001 - NÚMERO DE CONTROL
campo de control 36876
003 - IDENTIFICADOR DE NÚMERO DE CONTROL
campo de control ES-MaACL
007 - CAMPO FIJO DE DESCRIPCIÓN FÍSICA--INFORMACIÓN GENERAL
campo de control de longitud fija t|
008 - DATOS DE LONGITUD FIJA--INFORMACIÓN GENERAL
campo de control de longitud fija 030219s1999 sp ||||1| spa d
100 1# - ENTRADA PRINCIPAL--NOMBRE DE PERSONA
Nombre de persona Braymer, Daniel H.
9 (RLIN) 31529
245 10 - MENCIÓN DEL TÍTULO
Título Rebobinado de motores pequeños
Resto del título : prácticas de taller /
Mención de responsabilidad, etc. Daniel H. Braymer y A. C. Roe ; versión de la 3ª edición inglesa por Antonio Revuelta Lozano.
260 ## - PUBLICACIÓN, DISTRIBUCIÓN, ETC.
Lugar de publicación, distribución, etc. Barcelona :
Nombre del editor, distribuidor, etc. Gustavo Gili,
Fecha de publicación, distribución, etc. 1955 (
Fabricante Casa Provincial de Caridad, Imp. Escuela)
300 ## - DESCRIPCIÓN FÍSICA
Extensión 494 p. :
Otras características físicas il. ;
Dimensiones 22 cm.
700 1# - ENTRADA AGREGADA--NOMBRE PERSONAL
Nombre de persona Roe, A. C.
9 (RLIN) 98888
700 1# - ENTRADA AGREGADA--NOMBRE PERSONAL
Nombre de persona Revuelta Lozano, Antonio.
9 (RLIN) 96466
852 ## - LOCALIZACIÓN
Ubicación ES-MaACL
Número de control de estantería C-9524
Sublocalización o colección R.37874
Holdings
Estatus retirado Estado de pérdida Estado de daño No para préstamo Biblioteca de origen Biblioteca actual Ubicación en estantería Fecha de adquisición Fuente de adquisición Total de préstamos Signatura topográfica completa Código de barras Visto por última vez Precio de reemplazo Tipo de ítem Koha
        Biblioteca del Ateneo de Madrid Biblioteca del Ateneo de Madrid Sala Palomar 17/01/2008     C-9524 1038781 23/02/2023 23/02/2023 Libro impreso